MARC

Tag First Indicator Second Indicator Subfields
LEADER 00000cam a2200000Mi 4500
001 in00005471221
006 m o d
007 cr |||||||||||
008 201209s1927 enkab fo 001 0 eng d
005 20240917153243.4
035 |a (OCoLC)on1232465734 
040 |a UKAMD  |b eng  |e rda  |e pn  |c UKAMD  |d OCLCF  |d OCLCO 
035 |a (OCoLC)1232465734 
050 4 |a HD9560.1 
082 0 4 |a 338.272805  |2 23 
049 |a TXAM 
245 0 0 |a Oil news,  |f 1 Jan - 31 Dec 1927 /  |c by J.T. Smith, editor. 
264 1 |a London :  |b [publisher not identified],  |c 1927. 
300 |a 1 online resource (1 volume (various pagings)) :  |b illustrations (black and white), maps (black and white). 
336 |a text  |b txt  |2 rdacontent 
337 |a computer  |b c  |2 rdamedia 
338 |a online resource  |b cr  |2 rdacarrier 
490 1 |a AM Scholar: Business, economic and labour history. 
500 |a "Collection: Business and Financial Papers, 1780-1939"--Home Home page. 
500 |a "Original microfilm series: Series 3: Industrial Enterprise"--Home page. 
500 |a "Original microfilm part: Part 1: Oil News, 1912-1939"--Home page. 
500 |a "Original microfilm reel: 13"--Home page. 
500 |a Includes index. 
500 |a Multiple issues, published between January and December 1927. 
521 |a Specialized. 
535 1 |a Bodleian Library, University of Oxford 
542 |f Material sourced from the Bodleian Libraries. 
588 |a Description based on online resource; title from scanned document's title page (viewed on December 9, 2020). 
650 0 |a Petroleum industry and trade  |v Periodicals. 
650 6 |a Pétrole  |x Industrie et commerce  |v Périodiques. 
650 7 |a Petroleum industry and trade  |2 fast 
655 7 |a Electronic books.  |2 local 
655 7 |a Periodicals  |2 fast 
700 1 |a Smith, J. T.,  |e editor. 
710 2 |a Adam Matthew Digital (Firm),  |e digitiser. 
830 0 |a AM Scholar: Business, economic and labour history. 
856 4 0 |u http://proxy.library.tamu.edu/login?url=https://www.amscholar.amdigital.co.uk/Documents/Details/ONBFP_SERIES3_PART2_REEL13_VOL1  |z Connect to the full text of this electronic book  |t 0 
955 |a Adam Matthew Scholar Buisness Economic and Labour History 
994 |a 92  |b TXA 
999 f f |s 77c65acf-c0d9-4132-901f-6e0328e279df  |i fea161f0-b4af-4ded-87b8-646e4294b0de  |t 0 
952 f f |a Texas A&M University  |b College Station  |c Electronic Resources  |d Available Online  |t 0  |e HD9560.1   |h Library of Congress classification 
998 f f |a HD9560.1   |t 0  |l Available Online